Entrepreneurship (Record no. 1945)

MARC details
005 - DATE AND TIME OF LATEST TRANSACTION
control field 20250530103950.0
020 ## - INTERNATIONAL STANDARD BOOK NUMBER
International Standard Book Number 0-13-228174-0
082 ## - DEWEY DECIMAL CLASSIFICATION NUMBER
Classification number 658.041 LAM
100 ## - MAIN ENTRY--PERSONAL NAME
Author name LAMBING, P. A.
245 ## - TITLE STATEMENT
Title Entrepreneurship
250 ## - EDITION STATEMENT
Edition statement 4th Ed.
260 ## - PUBLICATION, DISTRIBUTION, ETC.
Place of publication, distribution, etc. Pearson Education,
Name of publisher, distributor, etc. Australia,
Date of publication, distribution, etc. 2007.
300 ## - PHYSICAL DESCRIPTION
Extent Xvii, 316p.: ill.; figure, table
Other physical details Index.
Dimensions 25cm.
700 ## - ADDED ENTRY--PERSONAL NAME
Other authors/Editors KUEHL, C. R.
856 ## - ELECTRONIC LOCATION AND ACCESS
Link text Access online book
Electronic name Entrepreneurship
Path www.prenhall.com
942 ## - ADDED ENTRY ELEMENTS (KOHA)
Source of classification or shelving scheme Dewey Decimal Classification
Koha item type Books
Holdings
Date last seen Total checkouts Full call number Barcode Cost, replacement price Price effective from Koha item type Lost status Source of classification or shelving scheme Damaged status Not for loan Withdrawn status Home library Current library Shelving location Date acquired Cost, normal purchase price
05/05/2025   658.041 LAM 0000007509 88500.00 05/05/2025 Books   Dewey Decimal Classification       College of Business Education Main Library College of Business Education Main Library General Collection 10/26/2009 29500.00
05/05/2025   658.041 LAM 0000007514 88500.00 05/05/2025 Books   Dewey Decimal Classification       College of Business Education Main Library College of Business Education Main Library General Collection 01/26/2009 29500.00
05/22/2025   658.041 LAM 0000009470 88500.00 05/22/2025 Books   Dewey Decimal Classification       College of Business Education Main Library College of Business Education Main Library General Collection 10/26/2009 29500.00
05/30/2025   658.041 LAM 00000010465 88500.00 05/30/2025 Books   Dewey Decimal Classification       College of Business Education Main Library College of Business Education Main Library Special Reserve Collection 10/26/2009 29500.00